00728nam a2200193 i 450000100060000000300090000600500170001500700030003200800410003524501260007626000760020230000210027865000240029965000260032365000520034971000740040174000340047585200250050947189ES-MaACL20230906161522.0t|030404s1952 sp ||||1| spa d00aConvenio de Ginebra relativo a la protección de personas civiles en tiempo de guerra b: Ginebra, 12 de agosto de 1949. aMadrid : b[s.n., c1952] (fImp. del Ministerio de Asuntos Exteriores) a83 p. ; c23 cm. 4aProtección civil. 4aVíctimas de guerra. 4aDerecho humanitario-vTratados, convenios, etc.1 aEspaña. bMinisterio de Asuntos Exteriores. bRegistro de Tratados.02aIV Convenio de Ginebra, 1949. aES-MaACL j1970-F-16